|
|
|
|
| LEADER |
01233nam a22003131 4500 |
| 001 |
40251 |
| 003 |
BD-DhAAL |
| 005 |
20221221111117.0 |
| 008 |
221221r19611950enk b 000 0 eng d |
| 999 |
|
|
|c 45234
|d 45234
|
| 010 |
|
|
|a 67035446
|
| 040 |
|
|
|a DLC
|c DLC
|d DLC
|d BD-DhAAL
|
| 043 |
|
|
|a e-uk---
|
| 050 |
0 |
0 |
|a DA30
|b .P4 vol. 5
|
| 082 |
|
|
|a 942
|2 23
|
| 100 |
1 |
|
|a Bindoff, S. T.
|q (Stanley Thomas),
|d 1908-1980.
|9 53080
|
| 245 |
1 |
0 |
|a Tudor England /
|c S. T. Bindoff.
|
| 260 |
|
|
|a Harmondsworth, Middlesex :
|b Penguin Books,
|c c1950 [reprinted 1961].
|
| 300 |
|
|
|a 319 pages ;
|c 19 cm.
|
| 490 |
0 |
|
|a Pelican books, A212.
|
| 490 |
0 |
|
|a The Pelican history of England,
|v 5
|
| 504 |
|
|
|a Includes bibliographical references (pages 310-[312]) and index.
|
| 541 |
|
|
|a Donated By Akbar Ali Khan
|e 40251
|
| 651 |
|
0 |
|a Great Britain
|x History
|y Tudors, 1485-1603.
|9 53081
|
| 651 |
|
0 |
|a England
|x Civilization
|y 16th century.
|9 53082
|
| 830 |
|
|
|a The Pelican history of England,
|v 5
|9 53083
|
| 852 |
|
|
|a Ayesha Abed Library
|c Akbar Ali Khan Collection
|
| 942 |
|
|
|2 ddc
|c BK
|
| 952 |
|
|
|0 0
|1 0
|2 ddc
|4 0
|6 942_000000000000000_BIN
|7 1
|9 72550
|a BRACUL
|b BRACUL
|c AAKC
|d 2022-12-21
|e Donated by Akbar Ali Khan
|l 0
|o 942 BIN
|p 3010040251
|r 2022-12-21
|t 1
|w 2022-12-21
|y BK
|